| 000 | 00648nam a2200217 4500 | ||
|---|---|---|---|
| 003 | OSt | ||
| 005 | 20240619071822.0 | ||
| 006 | a | ||
| 008 | 240619b |||||||| |||| 00| 0 eng d | ||
| 020 | _a9780071220811 | ||
| 040 |
_aDWCL-Main lib. _cOC |
||
| 082 | _aCirc. 658.4012 G191e 2011 | ||
| 100 | _aGamble, John E | ||
| 245 | _aEssentials of strategic management : the quest for competitive advantage / | ||
| 260 |
_aUSA : _bMcGraw-Hill, _cc2011. |
||
| 300 |
_axxxi, _b557 p. : col. ill. ; _c25 cm. |
||
| 504 | _aIncludes indexes. | ||
| 650 | _a1. Strategic planning. | ||
| 650 | _a2. Industrial management. | ||
| 942 |
_2ddc _n0 _cBK-CIRC _kCirc. |
||
| 999 |
_c906 _d906 |
||